000 00703 a2200241 4500
001 60688
005 20260407155858.0
008 260407a1974 arg spa d
003 AR-UNSa-BCEJYS
040 _aAR-UNSa-BCEJYS
_bspa
_cAR-UNSa-BCEJYS
080 _a(038)330.101
_xDiccionario de Economia Política
245 1 0 _aDiccionario de economía política
020 _a978-84-7040-077-3
264 1 _aMadrid :
_bEdiciones Castilla
_c1974
300 _a1604 p.
_c24 cm.
041 _aspa
942 _cBK
590 _aniveau_biblio:m niveau_hierar:0
100 1 _aNapoleoni, Claudio
700 1 _aBlasco Martín, José
700 1 _aIranzo González, Adolfo
700 1 _aOrtega Rosales, Pablo
999 _c7116
_d7116